[Event "Match"]
[Site "www.echecsemail.com"]
[Date "2019.01.05"]
[Round "1"]
[White "Bjonil60"]
[Black "Apdash"]
[WhiteElo "1510"]
[BlackElo "2240"]
[Result "0-1"]
[Round "1"]
1.d4 d5
2.Ng1f3 Ng8f6
3.e3 e6
4.Qd1e2 Nb8c6
5.Nb1c3 Bf8b4
6.Bc1d2 O-O
7.Nc3b1 Bb4d6
8.b3 Nf6e4
9.Bd2c1 a6
10.Nf3d2 Bd6b4
11.f3 Bb4c3
12.Nb1xc3 Ne4xc3
13.Qe2d3 Nc3b5
14.a4 Nb5d6
15.f4 Nc6b4
16.Qd3c3 a5
17.g3 Bc8d7
18.Bf1g2 Ra8c8
19.Bc1a3 Nb4c6
20.Ba3xd6 cxd6
21.h3 Nc6b4
22.Qc3b2 Nb4xc2
23.Kf2 Nc2xa1
24.Rh1xa1 Qd8c7
25.g4 Qc7c2
26.Qb2xc2 Rc8xc2
27.Ke2 Rf8c8
28.Ra1d1 Rc2b2
29.h4 Rc8c2
30.e4 Bd7c6
31.e5 dxe5
32.fxe5 Rb2xb3
33.Ke1 Rb3b2
34.Bg2f1 Bc6xa4
35.Rd1b1 Rc2xd2
36.Rb1xb2 Rd2xb2
37.Bf1h3 Rb2h2
38.Bh3f1 Rh2h1
39.Kf2 Rh1xh4
40.Kf3 Ba4d1
41.Kg3 Rh4h1
42.Kf2 Bd1xg4
43.Bf1g2 Rh1d1
44.Kg3 Rd1xd4
45.Bg2h1 b5
46.Bh1g2 a4
47.Bg2h1 a3
48.Bh1g2 a2
49.Bg2f1 a1Q
50.Kg2 Qa1b2
51.Kg3 Qb2c3
52.Kf2 Rd4d2
53.Kg1 Qc3c1
{ resign }
0-1

[Event "Match"]
[Site "www.echecsemail.com"]
[Date "2019.01.05"]
[Round "1"]
[White "Pinehill"]
[Black "Ztornad"]
[WhiteElo "2100"]
[BlackElo "1910"]
[Result "0-1"]
[Round "1"]
1.e4 e5
2.d4 Qd8f6
3.Ng1f3 Bf8b4
4.c3 Bb4e7
5.dxe5 Qf6b6
6.Bf1c4 Qb6g6
7.O-O Qg6xe4
8.Nb1d2 Qe4g6
9.Rf1e1 Be7c5
 { time }
0-1

[Event "Match"]
[Site "www.echecsemail.com"]
[Date "2019.01.05"]
[Round "1"]
[White "Gimmyg"]
[Black "Erno"]
[WhiteElo "2580"]
[BlackElo "1969"]
[Result "1-0"]
[Round "1"]
1.Nb1c3 c5
2.Ng1f3 d5
3.e4 d4
4.Bf1b5 Nb8d7
5.Nc3e2 Ng8f6
6.Ne2g3 a6
7.Bb5e2 h5
8.h4 g6
9.e5 Nf6d5
10.e6 fxe6
11.O-O Bf8g7
12.Be2d3 Nd5f4
13.Bd3e4 Nd7f6
14.d3 O-O
15.Qd1e1 Nf6xe4
16.Qe1xe4 Qd8d5
17.Bc1xf4 Qd5xe4
18.Ng3xe4 Rf8xf4
19.Rf1e1 e5
20.Ne4xc5 b6
21.Nc5a4 Rf4f6
22.Nf3xe5 Bc8f5
23.c4 dxc3
24.Na4xc3 Ra8d8
25.Ne5f3  { time }
1-0

[Event "Match"]
[Site "www.echecsemail.com"]
[Date "2019.01.05"]
[Round "1"]
[White "Bojan"]
[Black "Ssharp"]
[WhiteElo "2000"]
[BlackElo "2270"]
[Result "0-1"]
[Round "1"]
1.e4 e5
2.Ng1f3 Nb8c6
3.a3 Ng8f6
4.Qd1e2 Bf8c5
5.h3 O-O
6.c3 d6
7.b4 Bc5b6
8.a4 a5
9.b5 Nc6e7
10.d3 h6
11.Nf3h2 Bc8e6
12.Nh2g4 Nf6h7
13.h4 f5
14.Ng4e3 fxe4
15.Qe2c2 exd3
16.Bf1xd3 Nh7f6
17.f3 d5
18.Bc1a3 Rf8e8
19.Ke2 Bb6xe3
20.Kxe3 e4
21.fxe4 dxe4
22.Bd3e2 Ne7d5
23.Kf2 Nf6g4
24.Kg3 Ng4f6
25.Nb1d2 Nd5e3
26.Qc2b1 Qd8xd2
27.Rh1e1 Qd2xc3
28.Kh2 Ne3c2
29.Ba3b2 Qc3xe1
30.Qb1xc2 Qe1xh4
31.Kg1 Nf6d5
32.Bb2d4 Ra8d8
33.Bd4f2 Qh4g5
34.Ra1a3 e3
35.Bf2e1 Re8f8
36.Be2c4 Kh8
37.g3 Nd5b4
38.Qc2e4 Be6xc4
39.Qe4xc4 Rd8d1
40.Qc4e2 Qg5xg3
{ resign }
0-1

[Event "Tourn. n10022"]
[Site "www.echecsemail.com"]
[Date "2019.01.05"]
[Round "1"]
[White "Bojan"]
[Black "Apdash"]
[WhiteElo "2000"]
[BlackElo "2220"]
[Result "0-1"]
[Round "1"]
1.e4 e5
2.Ng1f3 Ng8f6
3.Nf3xe5 Qd8e7
4.Ne5g4 Qe7xe4
5.Qd1e2 Qe4xe2
6.Bf1xe2 Bf8e7
7.Nb1c3 c6
8.d3 d5
9.h3 Bc8xg4
10.hxg4 Nb8d7
11.g5 Nf6g8
12.f4 O-O-O
13.d4 h6
14.gxh6 Rh8xh6
15.Rh1g1 f5
16.g4 Be7h4
17.Kf1 fxg4
18.Rg1xg4 Bh4f6
19.f5 Rh6h1
20.Rg4g1 Rh1xg1
21.Kxg1 Bf6xd4
22.Kg2 Rd8e8
23.Kf1 Re8f8
24.Be2g4 Ng8f6
25.Bg4h3 Bd4xc3
26.bxc3 Nf6e4
27.Bc1f4 Nd7f6
28.Bf4e5 Rf8h8
29.Bh3g2 Ne4d2
30.Kg1 Nd2c4
31.Be5d4 b6
32.Ra1e1 Kd7
33.Re1e2 Nc4d6
34.Re2f2 Rh8h7
35.Kf1 Nd6e4
36.Rf2f4 Kd6
37.Kg1 c5
38.Bd4xf6 Ne4xf6
39.c4 dxc4
40.Rf4xc4 Rh7h5
41.Rc4f4 Rh5g5
42.Kh2 Nf6g4
43.Kh3 Ng4e3
44.Rf4f2 Ne3xf5
45.Bg2e4 Nf5d4
46.Be4d3 Kd5
47.a4 c4
48.Bd3f1 a6
49.c3 Nd4e6
50.Rf2d2 Kc5
51.Kh4 Rg5g1
52.Bf1h3 g5
53.Kh5 Ne6f4
{ resign }
0-1

[Event "Match"]
[Site "www.echecsemail.com"]
[Date "2019.01.05"]
[Round "1"]
[White "Tonino1"]
[Black "Cvilhena1976"]
[WhiteElo "2140"]
[BlackElo "2210"]
[Result "0-1"]
[Round "1"]
1.d4 d5
2.f4 Bc8f5
3.e3 Ng8f6
4.Bf1d3 e6
5.Ng1f3 Bf8d6
6.O-O O-O
7.c3 c5
8.Bd3xf5 exf5
9.Nb1d2 Qd8e7
10.Nf3e5 Rf8e8
11.Qd1f3 Nb8c6
12.h3 Ra8c8
13.g4 Qe7e6
14.g5 Nf6e4
15.Nd2xe4 dxe4
16.Qf3g3 cxd4
17.exd4 Nc6e7
18.b3 b5
19.Bc1b2 a5
20.Ra1d1 a4
21.c4 bxc4
22.bxc4 Bd6xe5
23.fxe5 Qe6xc4
24.d5 Ne7xd5
25.Rf1xf5 Qc4xa2
26.Qg3f2 Qa2b3
27.Rf5xf7 Qb3xd1
28.Kg2 Rc8c2
 { time }
0-1

[Event "Tourn. n10030"]
[Site "www.echecsemail.com"]
[Date "2019.01.05"]
[Round "1"]
[White "Andychesston"]
[Black "Bojan"]
[WhiteElo "1980"]
[BlackElo "2030"]
[Result "1-0"]
[Round "1"]
1.e4 e5
2.Ng1f3 Nb8c6
3.d4 exd4
4.Nf3xd4 Nc6xd4
5.Qd1xd4 h6
6.Nb1c3 c6
7.Bc1f4 Qd8f6
8.e5 Qf6d8
9.Nc3e4 Qd8a5
10.c3 Bf8e7
11.Ne4d6 Kf8
12.Bf1c4 Rh8h7
13.O-O g5
14.Bf4g3 f5
15.Bc4xg8 Kxg8
16.Nd6xf5 Be7f8
17.Ra1e1 Qa5xa2
18.Re1e2 Qa2e6
19.Qd4d3 b5
20.f4 a5
21.fxg5 Qe6g6
22.Nf5e7 { resign }
1-0

[Event "Tourn. n10017"]
[Site "www.echecsemail.com"]
[Date "2019.01.05"]
[Round "1"]
[White "Add"]
[Black "Tonino1"]
[WhiteElo "2210"]
[BlackElo "2340"]
[Result "1-0"]
[Round "1"]
1.e4 d6
2.d4 Ng8f6
3.Nb1c3 c6
4.h3 Qd8c7
5.d5 g6
6.Bc1e3 Bf8g7
7.Ra1b1 O-O
8.Qd1d2 Rf8e8
9.Be3h6 Bg7h8
10.Ng1f3 e5
11.Bf1c4 b5
12.Bc4d3 b4
13.Nc3e2 c5
14.c4 Nb8d7
15.Ne2g3 Nd7f8
16.b3 Bh8g7
17.Bh6xg7 Kxg7
18.Qd2g5 h6
19.Qg5d2 Nf6h7
20.Nf3h2 f5
21.exf5 e4
22.Bd3e2 gxf5
23.Ng3h5 Kg6
24.Nh5f4 Kg7
25.Be2h5 Re8e7
26.O-O Nh7f6
27.Rf1e1 Re7e5
28.Re1e3 Nf6xh5
29.Nf4xh5 Kg6
30.Nh5f4 Kh7
31.Re3g3 Qc7e7
32.Rb1e1 Bc8d7
33.Nh2f1 Bd7e8
34.Nf1e3 Qe7h4
35.Ne3c2 Be8f7
36.Kh2 Nf8g6
37.Nf4xg6 Bf7xg6
38.f4 exf3
39.Re1xe5 dxe5
40.Rg3xf3 f4
41.Nc2e1 Bg6e4
42.Rf3f2 Qh4g3
43.Kg1 Ra8g8
44.Qd2e2 Be4f5
45.Qe2xe5 Bf5xh3
46.Qe5xf4 Qg3c3
47.Qf4e4 Kh8
48.Kf1 Bh3g4
49.Rf2f7 Rg8g7
50.Rf7f8  { time }
1-0

[Event "Match"]
[Site "www.echecsemail.com"]
[Date "2019.01.05"]
[Round "1"]
[White "Dussek"]
[Black "Apdash"]
[WhiteElo "1840"]
[BlackElo "2290"]
[Result "0-1"]
[Round "1"]
1.d4 d5
2.c4 c6
3.Ng1f3 e6
4.Nb1c3 Bf8b4
5.Qd1c2 dxc4
6.e4 b5
7.a3 Bb4a5
8.Bc1d2 Bc8b7
9.Bf1e2 Nb8d7
10.O-O a6
11.Bd2f4 Ng8f6
12.Ra1d1 h6
13.e5 Nf6d5
14.Nc3xd5 cxd5
15.Bf4d2 Ba5xd2
16.Qc2xd2 Qd8e7
17.Rd1c1 O-O
18.h3 a5
19.Nf3e1 b4
20.a4 f5
21.f4 Bb7c6
22.Rc1a1 Kh7
23.Rf1f3 Rf8g8
24.Rf3g3 g5
25.Ne1f3 gxf4
26.Qd2xf4 Rg8xg3
27.Qf4xg3 Ra8g8
28.Qg3f2 Nd7f8
29.Kh2 Nf8g6
30.g3 Bc6e8
31.Nf3h4 Ng6xh4
32.gxh4 Qe7g7
33.Be2f3 h5
34.Qf2e2 Qg7g3
{ resign }
0-1

[Event "Tourn. n10036"]
[Site "www.echecsemail.com"]
[Date "2019.01.05"]
[Round "1"]
[White "Fegatux"]
[Black "Fantomas"]
[WhiteElo "2130"]
[BlackElo "2210"]
[Result "1/2-1/2"]
[Round "1"]
1.c4 c5
2.g3 Ng8f6
3.Bf1g2 e6
4.Ng1f3 d6
5.Nb1c3 Nb8c6
6.O-O Bc8d7
7.d3 Bf8e7
8.Ra1b1 O-O
9.a3 a6
10.b4 cxb4
11.axb4 Nc6a7
12.Bc1e3 Qd8c7
13.Nc3a4 Na7c8
14.Qd1b3 b5
15.cxb5 axb5
16.Na4c3 d5
17.Rf1c1 Qc7d8
18.Nf3e5 Nc8d6
19.Ne5xd7 Qd8xd7
20.Be3c5 Rf8b8
21.Rb1a1 Nf6e8
22.Ra1xa8 Rb8xa8
23.e3 Be7f6
24.Nc3e2 Ne8c7
25.h4 h6
26.Kh2 Nd6b7
27.Bc5d4 Bf6e7
28.Bd4c5 Nc7e8
29.Ne2d4 Ra8c8
30.Qb3a3 Nb7xc5
31.bxc5 Ne8c7
32.Nd4b3 Rc8a8
33.Qa3b2 Ra8a4
34.d4 Qd7c6
{ draw }
1/2-1/2

[Event "Match"]
[Site "www.echecsemail.com"]
[Date "2019.01.05"]
[Round "1"]
[White "Jackbauer"]
[Black "Ketchuplover"]
[WhiteElo "1800"]
[BlackElo "1980"]
[Result "0-1"]
[Round "1"]
1.e4 c5
2.f4 b6
3.Ng1f3 Bc8b7
4.Nb1c3 Ng8f6
5.d3 Nb8c6
6.a3 e6
7.h3 Nf6h5
8.Bc1e3 Nh5g3
9.Rh1g1 Bf8e7
10.Qd1d2 Ng3xf1
11.Rg1xf1 Be7h4
12.Be3f2 Bh4xf2
13.Qd2xf2 O-O
14.O-O-O d5
15.e5 Nc6e7
16.d4 cxd4
17.Nf3xd4 Ra8c8
18.Nc3b5 Bb7a6
19.Rf1e1 Ba6xb5
20.Nd4xb5 a6
21.Nb5d4 Qd8d7
22.Rd1d2 b5
23.c3 a5
24.g4 a4
25.Kb1 Rc8c4
26.Re1g1 Rf8c8
27.Rg1c1 Rc8c5
28.Rd2c2 g6
29.Nd4e2 Ne7c6
30.Ne2d4 Nc6xd4
31.cxd4 Rc4xc2
32.Rc1xc2 Rc5c4
33.Rc2xc4 dxc4
34.h4 Qd7d5
35.Qf2e3 Qd5h1
36.Ka2 Qh1xh4
37.g5 Qh4h1
38.d5 Qh1xd5
39.Qe3c3 Kg7
40.Ka1 Qd5d1
41.Ka2 Qd1b3
42.Kb1 h5
43.gxh6 Kxh6
44.Qc3e1 Qb3d3
45.Ka1 g5
46.Qe1h1 Kg6
47.Qh1g1 Qd3f5
48.Qg1g3 Qf5xf4
49.Qg3c3 g4
50.Qc3c2 Kh6
51.Qc2g2 Kg5
52.Qg2e2 g3
53.Qe2c2 Qf4xe5
54.Qc2h7 Qe5f6
55.Qh7g8 Qf6g6
56.Qg8b8 g2
57.Qb8h2 Kf6
58.Qh2f4 Kg7
59.Qf4e5 f6
60.Qe5c7 Kf8
61.Qc7d8 Kg7
62.Qd8c7 Kh6
63.Qc7h2 Qg6h5
64.Qh2f4 Qh5g5
65.Qf4h2 Kg6
66.Qh2g1 Qg5d2
{ resign }
0-1

[Event "Match"]
[Site "www.echecsemail.com"]
[Date "2019.01.05"]
[Round "1"]
[White "Tonino1"]
[Black "Obisporey"]
[WhiteElo "2250"]
[BlackElo "2540"]
[Result "0-1"]
[Round "1"]
1.d4 d5
2.Ng1f3 Ng8f6
3.e3 c5
4.c3 cxd4
5.exd4 Nb8c6
6.Bf1d3 Bc8g4
7.O-O e6
8.h3 Bg4h5
9.Nb1d2 Bf8d6
10.g4 Bh5g6
11.Bd3xg6 hxg6
12.Kg2 Qd8c7
13.Qd1e2 O-O
14.Rf1e1 a5
15.g5 Nf6d7
16.Nd2f1 a4
17.Nf1g3 Nc6a5
18.Nf3e5 Bd6xe5
19.dxe5 Rf8c8
20.f4 a3
21.Ra1b1 axb2
22.Bc1xb2 Na5c4
23.Bb2a1 Ra8a3
24.Rb1b3 Ra3a5
25.h4 Rc8a8
26.a3 Nd7c5
27.Rb3b4 Ra5xa3
28.h5 Ra3xa1
29.Re1xa1 Ra8xa1
30.hxg6 fxg6
31.Qe2f2 Nc5d3
 { time }
0-1

[Event "Tourn. n9969"]
[Site "www.echecsemail.com"]
[Date "2019.01.05"]
[Round "1"]
[White "Picifarkinca"]
[Black "Roque1"]
[WhiteElo "1670"]
[BlackElo "1900"]
[Result "1-0"]
[Round "1"]
1.Ng1f3 e6
2.b3 d5
3.Bc1b2 Nb8c6
4.g3 Ng8f6
5.Bf1g2 Bf8e7
6.O-O O-O
7.d3 Bc8d7
8.Nb1d2 a5
9.a3 b5
10.Rf1e1 b4
11.a4 Be7d6
12.e4 Qd8e7
13.e5 Nc6xe5
14.Nf3xe5 c5
15.Ne5xd7 Qe7xd7
16.Nd2f3 d4
17.Nf3e5 Qd7c7
18.Ne5c4 Ra8a6
19.Nc4xd6 Ra6xd6
20.Bb2c1 Rf8e8
21.Bc1f4 Nf6d5
22.Bg2xd5 e5
23.Bd5xf7 Qc7xf7
24.Re1xe5 Rd6e6
25.Re5xe6 Re8xe6
26.h4 Kf8
27.Qd1f3 h6
28.Qf3a8 Qf7e8
29.Qa8xe8 Kxe8
30.Kf1 Kd7
31.Ra1e1 Re6f6
32.Kg2 Rf6f8
33.Re1e5 Kc6
34.Re5e7 Rf8f5
35.Re7xg7 h5
36.Rg7g5 Rf5xg5
37.Bf4xg5 Kd5
38.Bg5d8 Kc6
39.Bd8xa5 Kd5
40.Ba5xb4 cxb4
41.f4 Ke6
42.Kf3 Kd5
43.g4 hxg4
44.Kxg4 Ke6
45.a5 { resign }
1-0

[Event "Tourn. n9982"]
[Site "www.echecsemail.com"]
[Date "2019.01.05"]
[Round "1"]
[White "Ejner"]
[Black "Jazzy"]
[WhiteElo "2460"]
[BlackElo "2260"]
[Result "1-0"]
[Round "1"]
1.c4 Ng8f6
2.Nb1c3 b6
3.e4 Nb8c6
4.d4 e5
5.dxe5 Nc6xe5
6.f4 Ne5c6
7.e5 Nf6g8
8.Qd1e2 Bf8b4
9.Ng1f3 Bb4xc3
10.bxc3 Ng8e7
11.Bc1a3 O-O
12.g3 Rf8e8
13.Bf1g2 Ra8b8
14.O-O Bc8a6
15.Nf3g5 h6
16.Ng5e4 Nc6a5
17.Qe2g4 Kh8
18.Ra1d1 Ba6c8
19.Qg4h5 Kg8
20.f5 Na5xc4
21.Ba3c1 d6
22.f6 Ne7g6
23.fxg7 Nc4xe5
24.Ne4f6 { resign }
1-0

[Event "Match"]
[Site "www.echecsemail.com"]
[Date "2019.01.05"]
[Round "1"]
[White "Mitja"]
[Black "Bojan"]
[WhiteElo "1890"]
[BlackElo "1900"]
[Result "1-0"]
[Round "1"]
1.d4 g6
2.e3 e6
3.c3 d5
4.h3 c5
5.dxc5 Bf8xc5
6.Ng1f3 b5
7.b3 a6
8.Bc1b2 f6
9.Bf1e2 Kf7
10.b4 Bc5b6
11.a3 Qd8d6
12.Qd1c2 Bc8d7
13.Nb1d2 Ng8e7
14.Nd2b3 Nb8c6
15.Nf3d4 e5
16.Nd4xc6 Ne7xc6
17.Qc2d1 Rh8e8
18.Be2g4 f5
19.Bg4f3 e4
20.Bf3e2 Nc6e5
21.Nb3d4 h6
22.f4 exf3
23.gxf3 Ne5c4
24.Bb2c1 Qd6g3
25.Kf1 Re8xe3
26.Be2xc4 dxc4
27.Bc1xe3 f4
28.Be3f2 Bd7xh3
29.Rh1xh3 Qg3xh3
30.Kg1 Ra8e8
31.Qd1f1 Qh3d7
32.Ra1e1 Re8h8
33.Qf1e2 Bb6xd4
34.Bf2xd4 Rh8g8
35.Qe2e5 g5
36.Qe5f6 { resign }
1-0

[Event "Tourn. n9961"]
[Site "www.echecsemail.com"]
[Date "2019.01.05"]
[Round "1"]
[White "Szustan"]
[Black "Tartan"]
[WhiteElo "2560"]
[BlackElo "2570"]
[Result "1-0"]
[Round "1"]
1.e4 e5
2.Ng1f3 Nb8c6
3.Nb1c3 Ng8f6
4.d4 exd4
5.Nc3d5 Nc6b4
6.Bf1c4 Nb4xd5
7.exd5 Bf8b4
8.Bc1d2 Qd8e7
9.Qd1e2 Bb4xd2
10.Kxd2 Qe7xe2
11.Kxe2 c5
12.dxc6 bxc6
13.Nf3xd4 d5
14.Bc4d3 c5
15.Nd4b5 O-O
16.b3 Bc8e6
17.f3 Rf8c8
18.Kf2 a6
19.Nb5c3 a5
20.h4 Ra8b8
21.Ra1b1 Rc8e8
22.g4 d4
23.Nc3a4 Re8c8
24.Rh1e1 h6
25.h5 Rc8c7
26.c3 Be6d7
27.cxd4 cxd4
28.Rb1c1 Rb8c8
29.Rc1xc7 Rc8xc7
30.Re1e5 Bd7xg4
31.Re5xa5 Bg4e6
32.Ra5a8 Rc7c8
33.Ra8xc8 Be6xc8
34.Na4b6 Bc8b7
35.a4 Nf6e8
36.a5 { resign }
1-0

[Event "Tourn. n9926"]
[Site "www.echecsemail.com"]
[Date "2019.01.06"]
[Round "1"]
[White "Szustan"]
[Black "Pdebonis"]
[WhiteElo "2550"]
[BlackElo "2700"]
[Result "0-1"]
[Round "1"]
1.e4 e5
2.Ng1f3 Nb8c6
3.Nb1c3 Ng8f6
4.d4 exd4
5.Nc3d5 Nc6b4
6.Nd5xf6 Qd8xf6
7.Bf1c4 Bf8c5
8.O-O d6
9.e5 dxe5
10.c3 dxc3
11.Bc1g5 c2
12.Qd1e2 Qf6f5
13.a3 Nb4c6
14.Bc4d3 Nc6d4
15.Nf3xd4 Qf5xg5
16.Nd4f3 Qg5h5
17.Ra1e1 Bc5d6
18.Bd3xc2 O-O
19.Nf3xe5 Qh5xe2
20.Re1xe2 Bc8e6
21.Rf1d1 Ra8d8
22.Re2d2 Bd6e7
23.Rd2xd8 Rf8xd8
24.Rd1xd8 Be7xd8
25.b4 Bd8e7
26.Bc2d3 f6
27.Ne5c4 a6
28.Nc4e3 g6
29.Bd3e4 c6
30.g4 Be7d6
31.Kg2 Kf7
32.h4 Bd6e5
33.Kf3 Be5b2
34.a4 Bb2c3
35.b5 axb5
36.axb5 cxb5
37.Be4xb7 Bc3e5
38.Ne3c2 f5
39.gxf5 Be6xf5
40.Bb7d5 Ke7
41.Nc2e3 Bf5e6
42.Ke4 Kd6
43.Bd5xe6 Kxe6
{ resign }
0-1

[Event "Tourn. n10022"]
[Site "www.echecsemail.com"]
[Date "2019.01.06"]
[Round "1"]
[White "Apdash"]
[Black "Erno"]
[WhiteElo "2220"]
[BlackElo "2320"]
[Result "1-0"]
[Round "1"]
1.d4 e6
2.e4 d5
3.exd5 exd5
4.Bc1e3 Ng8f6
5.Ng1f3 Bf8d6
6.Bf1d3 O-O
7.O-O Rf8e8
8.Be3g5 Bc8g4
9.Nb1d2 Nb8d7
10.c4 dxc4
11.Bd3xc4 Nd7b6
12.Bc4b3 h6
13.Bg5h4 a5
14.a4 Bd6b4
15.h3 Bg4e6
16.Bb3xe6 Re8xe6
17.Bh4xf6 Qd8xf6
18.Qd1c2 Nb6d5
19.Nf3e5 Nd5f4
20.Nd2e4  { time }
1-0

[Event "Tourn. n9993"]
[Site "www.echecsemail.com"]
[Date "2019.01.06"]
[Round "1"]
[White "Alcon"]
[Black "Cemaah"]
[WhiteElo "1790"]
[BlackElo "1809"]
[Result "0-1"]
[Round "1"]
1.e4 Ng8f6
2.Nb1c3 d5
3.e5 Nf6d7
4.e6 fxe6
5.d4 g6
6.Ng1f3 Bf8g7
7.Bc1g5 c5
8.Qd1d2 Nb8c6
9.O-O-O cxd4
10.Nc3b5 e5
11.Bg5h6 O-O
12.h4 Nd7f6
13.h5 Bc8f5
14.hxg6 Bf5xg6
15.Bh6xg7 Kxg7
16.Qd2h6 Kg8
17.Nf3g5 Qd8c8
18.Nb5c7 Qc8xc7
19.Ng5e6 Kf7
20.Ne6xc7 Ra8c8
21.f4 Rc8xc7
22.fxe5 Nc6xe5
23.Rd1d2 Rf8c8
24.Kd1 { time. }
0-1

[Event "Tourn. n9999"]
[Site "www.echecsemail.com"]
[Date "2019.01.06"]
[Round "1"]
[White "Louis"]
[Black "Malbertan"]
[WhiteElo "2060"]
[BlackElo "1930"]
[Result "1-0"]
[Round "1"]
1.Ng1f3 e6
2.g3 f5
3.Bf1g2 Ng8f6
4.O-O Nb8c6
5.c4 Bf8e7
6.d4 O-O
7.d5 Nc6b8
8.Nb1c3 d6
9.dxe6 Bc8xe6
10.Nf3g5 Be6c8
11.c5 Nb8c6
12.cxd6 Be7xd6
13.Bg2d5 Nf6xd5
14.Qd1xd5 Kh8
15.Ng5f7 Rf8xf7
16.Qd5xf7 Nc6e5
17.Qf7b3 b6
18.Nc3b5 Bc8a6
19.e3 Qd8d7
20.Qb3d5 Ra8e8
21.a4 Ne5g4
22.b3 Ng4f6
23.Qd5f3 Bd6b4
24.Rf1d1 Qd7f7
25.Qf3xf5 Qf7xb3
26.Qf5d3 Qb3e6
27.Nb5xc7 Qe6h3
28.Nc7xa6 Nf6g4
29.Qd3f5 Qh3xh2
30.Kf1 Re8f8
31.Na6xb4 { resign }
1-0

[Event "Match"]
[Site "www.echecsemail.com"]
[Date "2019.01.06"]
[Round "1"]
[White "Gambitmiau"]
[Black "Emmanuel69"]
[WhiteElo "1910"]
[BlackElo "1930"]
[Result "0-1"]
[Round "1"]
1.e4 c6
2.d4 d5
3.e5 Bc8f5
4.Bf1d3 Bf5xd3
5.Qd1xd3 e6
6.Ng1f3 Nb8d7
7.Bc1g5 Ng8e7
8.O-O h6
9.Bg5d2 g6
10.c4 Bf8g7
11.Nb1c3 O-O
12.Bd2f4 dxc4
13.Qd3xc4 Nd7b6
14.a4 Nb6xc4
{ resign }
0-1

[Event "Tourn. n9934"]
[Site "www.echecsemail.com"]
[Date "2019.01.06"]
[Round "1"]
[White "Jazzy"]
[Black "Tartan"]
[WhiteElo "2270"]
[BlackElo "2600"]
[Result "0-1"]
[Round "1"]
1.d4 Ng8f6
2.c4 e6
3.Nb1c3 Bf8b4
4.Ng1f3 b6
5.Bc1d2 Bc8b7
6.e3 O-O
7.Bf1e2 d6
8.a3 Bb4xc3
9.bxc3 Nb8c6
10.Qd1c2 Nc6a5
11.O-O Qd8e7
12.Rf1d1 Bb7a6
13.Qc2a4 Qe7e8
14.Qa4c2 Ba6xc4
15.Be2xc4 Na5xc4
16.Bd2c1 Qe8c6
17.Rd1e1 d5
18.a4 Nf6e4
19.Nf3d2 Ne4xd2
20.Bc1xd2 Ra8e8
21.Bd2c1 e5
22.Re1d1 Re8e6
23.Qc2b3 e4
24.Bc1a3 Rf8e8
25.Ra1a2 a5
26.Qb3b5 Qc6xb5
27.axb5 f5
28.g3 Kf7
29.Ba3c1 Nc4d6
30.Ra2b2 Re8a8
31.Rb2b1 Nd6c4
32.Rb1a1 g5
33.Ra1a2 Nc4d6
34.Ra2b2 Re6f6
35.Kg2 Ke6
36.Rb2b1 Kd7
37.Bc1a3 Nd6c4
38.Rb1a1 Ra8g8
39.Ba3c1 f4
40.Rd1f1 fxe3
41.Bc1xe3 c6
42.bxc6 Kxc6
43.Be3c1 Rf6f3
44.Ra1b1 Rf3xc3
45.Bc1e3 Rc3xe3
46.fxe3 Nc4xe3
{ resign }
0-1

[Event "Match"]
[Site "www.echecsemail.com"]
[Date "2019.01.06"]
[Round "1"]
[White "Mitja"]
[Black "Bojan"]
[WhiteElo "1890"]
[BlackElo "1910"]
[Result "1-0"]
[Round "1"]
1.d4 e6
2.e3 b6
3.c3 Bc8b7
4.Ng1f3 Qd8f6
5.Nb1d2 Ng8h6
6.h3 Nh6f5
7.b3 d5
8.Bc1b2 Nb8d7
9.Qd1c2 a6
10.c4 Qf6g5
11.Nf3xg5 f6
12.Ng5xe6 { resign }
1-0

[Event "Tourn. n10035"]
[Site "www.echecsemail.com"]
[Date "2019.01.06"]
[Round "1"]
[White "Picifarkinca"]
[Black "Jackbauer"]
[WhiteElo "1830"]
[BlackElo "1800"]
[Result "1-0"]
[Round "1"]
1.e4 c5
2.Nb1c3 e6
3.g3 Nb8c6
4.Ng1e2 b6
5.Bf1g2 e5
6.O-O Ng8f6
7.f4 h6
8.fxe5 Nc6xe5
9.d4 cxd4
10.Ne2xd4 Bc8b7
11.Bc1f4 d6
12.Nd4f5 Nf6d7
13.Nf5xd6 { resign }
1-0

[Event "1/128 Finale"]
[Site "www.chess-mail.com"]
[Date "2019.01.06"]
[Round "1"]
[White "Julian"]
[Black "Erno"]
[WhiteElo "1680"]
[BlackElo "1349"]
[Result "1-0"]
[Round "1"]
1.e4 e5
2.Ng1f3 Ng8f6
3.d3 Nb8c6
4.c3 d5
5.Bf1e2 dxe4
6.dxe4 Qd8xd1
7.Be2xd1 Nf6xe4
8.O-O f6
9.Bd1c2 Ne4d6
10.Nb1d2 Bc8e6
11.b3 O-O-O
12.Bc1b2 Bf8e7
13.Ra1d1 f5
14.Rf1e1 Be7f6
15.c4 Nd6f7
16.Nd2f1 Rd8xd1
17.Re1xd1 Rh8d8
18.Rd1xd8 Kxd8
19.Nf1e3 g6
20.Ne3d5 Be6xd5
21.cxd5  { time }
1-0

[Event "Tourn. n9990"]
[Site "www.echecsemail.com"]
[Date "2019.01.07"]
[Round "1"]
[White "Drill64"]
[Black "Ssharp"]
[WhiteElo "2200"]
[BlackElo "2280"]
[Result "0-1"]
[Round "1"]
1.Ng1f3 Ng8f6
2.d4 d5
3.Bc1f4 Bc8f5
4.e3 Nb8d7
5.Nb1d2 e6
6.c4 Bf8e7
7.Nf3h4 Bf5e4
8.Nd2xe4 Nf6xe4
9.Nh4f3 Be7b4
10.Ke2 dxc4
11.Nf3e5 Ne4d6
12.Qd1a4 a5
13.Qa4xd7 Qd8xd7
14.Ne5xd7 Kxd7
15.a3 g5
16.Bf4e5 Rh8g8
17.axb4 axb4
18.Ra1xa8 Rg8xa8
19.Be5xd6 cxd6
20.Kd2 Ra8a1
21.g3 b5
22.Bf1g2 Ra1a2
23.Kc2 d5
24.Kb1 b3
25.Bg2f3 b4
26.h4 gxh4
27.Rh1xh4 c3
28.bxc3 bxc3
29.Bf3d1 c2
30.Bd1xc2 Ra2xc2
31.Rh4f4 Ke7
32.g4 h6
33.f3 Rc2d2
 { time }
0-1

[Event "Tourn. n10017"]
[Site "www.echecsemail.com"]
[Date "2019.01.07"]
[Round "1"]
[White "Tonino1"]
[Black "Drill64"]
[WhiteElo "2340"]
[BlackElo "2250"]
[Result "1-0"]
[Round "1"]
1.d4 Ng8f6
2.Ng1f3 c5
3.e3 e6
4.Bf1d3 cxd4
5.exd4 b6
6.Nb1d2 Bc8b7
7.O-O Bf8e7
8.Qd1e2 O-O
9.c3 d6
10.Nd2e4 Nf6xe4
11.Bd3xe4 Bb7xe4
12.Qe2xe4 Nb8d7
13.h4 Nd7f6
14.Qe4d3 d5
15.Nf3e5 Ra8c8
16.f4 Nf6e4
17.g3 Be7f6
18.Bc1e3 Ne4xg3
19.Rf1f3 Ng3f5
20.Qd3e2 Bf6xe5
21.fxe5  { time }
1-0

[Event "Match"]
[Site "www.echecsemail.com"]
[Date "2019.01.07"]
[Round "1"]
[White "Coraza"]
[Black "Llord"]
[WhiteElo "1750"]
[BlackElo "1900"]
[Result "1-0"]
[Round "1"]
1.e4 e5
2.Ng1f3 Nb8c6
3.Bf1b5 Bf8d6
4.Nb1c3 a6
5.Bb5c4 Ng8f6
6.Bc4xf7 Kxf7
7.Nf3g5 Kf8
8.d3 Bd6b4
9.Bc1d2 Nc6d4
10.a3 Bb4a5
11.b4 Ba5b6
12.Bd2e3 h6
13.Ng5f3 Nf6g4
14.h3 Ng4xe3
15.fxe3 Nd4xf3
16.Qd1xf3 Qd8f6
17.Qf3g3 Kg8
18.Nc3d5 Qf6d6
19.Rh1f1 g5
20.Nd5f6 Kg7
21.Nf6h5 Kg8
22.Nh5f6 Kg7
23.h4 Bb6xe3
24.Nf6g4 Be3f4
25.Qg3f3 Rh8f8
26.g3 Bf4d2
27.Kxd2 Rf8xf3
28.Rf1xf3 Qd6d4
29.c3 Qd4d6
30.hxg5 hxg5
31.Ra1f1 Qd6e7
32.Ng4e3 c6
33.Ne3f5 { resign }
1-0

[Event "Tourn. n9997"]
[Site "www.echecsemail.com"]
[Date "2019.01.07"]
[Round "1"]
[White "Drill64"]
[Black "Apdash"]
[WhiteElo "2320"]
[BlackElo "2320"]
[Result "0-1"]
[Round "1"]
1.e4 e5
2.Ng1f3 Ng8f6
3.d4 d5
4.Nf3xe5 Nf6xe4
5.Bf1d3 Nb8d7
6.Qd1e2 Nd7xe5
7.Bd3xe4 dxe4
8.Qe2xe4 Bf8e7
9.dxe5 O-O
10.O-O c6
11.Nb1c3 Bc8e6
12.Bc1e3 Qd8a5
13.a3 Ra8d8
14.Ra1d1 Be6d5
15.Nc3xd5 cxd5
16.Qe4g4 f5
17.exf6 Be7xf6
18.Be3d4 Bf6xd4
19.Qg4xd4 b6
20.h3 Qa5c5
21.c3 Qc5b5
22.Qd4b4 Qb5c5
23.Rd1d4 Rf8f5
24.Rf1d1 g5
25.Qb4b3 h5
26.Qb3c2 Rd8f8
27.Rd1d2 b5
28.Rd4xd5 Rf5xd5
29.Qc2g6 Kh8
30.Qg6h6 Kg8
31.Qh6e6 Kg7
32.Qe6xd5 Rf8f5
33.Qd5xc5 Rf5xc5
34.Rd2d7 Kf6
35.Rd7xa7 Ke5
36.Kf1 Ke4
37.Ke2 Rc5f5
38.Ra7d7 h4
39.Rd7d4 Ke5
40.a4 bxa4
41.Rd4xa4 Kd6
42.b4 Kc6
43.Ra4a5 Rf5d5
 { time }
0-1

[Event "Tourn. n10014"]
[Site "www.echecsemail.com"]
[Date "2019.01.07"]
[Round "1"]
[White "Seger"]
[Black "Drill64"]
[WhiteElo "2820"]
[BlackElo "2260"]
[Result "1-0"]
[Round "1"]
1.d4 Ng8f6
2.c4 e6
3.Nb1c3 Bf8b4
4.e3 O-O
5.Bf1d3 d5
6.Ng1f3 b6
7.O-O Bc8b7
8.Qd1e2 Nb8d7
9.Rf1d1 Bb4xc3
10.bxc3 c5
11.cxd5 exd5
12.c4 dxc4
13.Bd3xc4 cxd4
14.Nf3xd4 Qd8e7
15.Bc1b2 Rf8e8
16.f3 Qe7xe3
17.Qe2xe3 Re8xe3
18.Nd4f5 Re3e8
19.Nf5d6  { time }
1-0

[Event "Tourn. n10029"]
[Site "www.echecsemail.com"]
[Date "2019.01.07"]
[Round "1"]
[White "Tonino1"]
[Black "Drill64"]
[WhiteElo "2300"]
[BlackElo "2230"]
[Result "1-0"]
[Round "1"]
1.d4 c5
2.e3 cxd4
3.exd4 g6
4.Ng1f3 Bf8g7
5.Bf1d3 d6
6.Nb1d2 Nb8c6
7.c3 Ng8f6
8.O-O O-O
9.Qd1c2 Bc8g4
10.h3 Bg4d7
11.a3 Qd8c7
12.Nd2e4 Nf6xe4
13.Bd3xe4 Ra8c8
14.Bc1e3 e5
15.Ra1c1 Qc7b8
16.d5  { time }
1-0